| 000 | 00587nam a2200229Ia 4500 | ||
|---|---|---|---|
| 003 | OSt | ||
| 005 | 20220702104159.0 | ||
| 008 | 210210b2016 xxu||||| |||| 00| 0 eng d | ||
| 020 | _a9789352028887 | ||
| 040 | _cAL | ||
| 041 | _aeng | ||
| 082 | _a338.9 PURE | ||
| 100 |
_aPURI (V K) _946692 |
||
| 245 | _aEconomics of development and planning: theory and practice | ||
| 250 | _a16 Rev | ||
| 260 |
_aMumbai _bHimalaya Publishing House _c2016 |
||
| 300 | _axxiv,938 | ||
| 690 |
_aEconomic Planning _946693 |
||
| 700 |
_aMISRA (S K) _946694 |
||
| 906 | _a070845 | ||
| 942 |
_2ddc _cBK |
||
| 999 |
_c120227 _d120227 |
||